College Football Cities: SWAC - Statistics

General Stats
  • This quiz has been taken 32 times
  • The average score is 7 of 12
Answer Stats
School City % Correct
Arkansas-____ _____ Pine Bluff, AR
96%
_______ State Jackson, MS
85%
Texas Southern Houston, TX
77%
Alabama State Montgomery, AL
77%
_______ ____ A&M Prairie View, TX
69%
_________ Grambling, LA
62%
Southern Baton Rouge, LA
58%
Florida A&M Tallahassee, FL
54%
Alabama A&M Huntsville, AL
50%
Bethune-Cookman Daytona Beach, FL
38%
Mississippi Valley State Itta Bena, MS
27%
Alcorn State Lorman, MS
27%
No matching quizzes found
Score Distribution
Percent of People with Each Score
Percentile by Number Answered
Your Score History
You have not taken this quiz